Nazionale italiana di calcio Mondiali 2010 - Statistics

Statistiche generali
  • Questo quiz è stato fatto 827 volte
  • Il punteggio medio è 13 su 24
Statistiche sulle risposte
Giocatore Ruolo % Corretto
1 Buffon Portiere
100%
4 Chiellini Difensore
92%
21 Pirlo Centrocampista
85%
23 Bonucci Difensore
84%
6 De Rossi Centrocampista
79%
- Lippi Commissario Tecnico
78%
5 Cannavaro Difensore
71%
8 Gattuso Centrocampista
70%
10 Di Natale Attaccante
64%
19 Zambrotta Difensore
62%
18 Quagliarella Attaccante
61%
9 Iaquinta Attaccante
60%
15 Marchisio Centrocampista
60%
11 Gilardino Attaccante
53%
12 Marchetti Portiere
50%
16 Camoranesi Centrocampista
48%
22 Montolivo Centrocampista
42%
7 Pepe Centrocampista
27%
14 De Sanctis Portiere
23%
20 Pazzini Attaccante
22%
2 Maggio Difensore
21%
3 Criscito Difensore
20%
13 Bocchetti Difensore
12%
17 Palombo Centrocampista
12%
Nessun quiz corrispondente trovato
Distribuzione punteggi
Percentuale di utenti per punteggio
Percentile per numero di risposta
I tuoi punteggi nel tempo
Non hai fatto questo quiz